| 000 | 00651cam a2200145 4500500 | ||
|---|---|---|---|
| 005 | 20260208002407.0 | ||
| 041 | _afre | ||
| 042 | _adc | ||
| 100 | 1 | 0 |
_aAugustins, Georges _eauthor |
| 245 | 0 | 0 | _aVanessa Manceron, Une terre en partage : liens et rivalités dans une société rurale, Paris, Éd. de la MSH – Ministère de la Culture et de la Communication, 2005, 256 p., bibl., gloss., ill., cartes (« Ethnologie de la France ») |
| 260 | _c2007. | ||
| 500 | _a24 | ||
| 786 | 0 | _nL'Homme | 181 | 1 | 2007-01-01 | p. 213s-274s | 0439-4216 | |
| 856 | 4 | 1 | _uhttps://shs.cairn.info/revue-l-homme-2007-1-page-213s?lang=fr&redirect-ssocas=7080 |
| 999 |
_c1646104 _d1646104 |
||